Premier League Top Goals and Assists Except Big 6 - Statistics

General Stats
  • This quiz has been taken 73 times
  • The average score is 19 of 32
Answer Stats
Season Player Club Goal / Assist % Correct
15/16 Jamie Vardy Leicester City 24G7A
98%
19/20 (3) Jamie Vardy Leicester City 23G5A
98%
94/95 Alan Shearer Blackburn Rovers 34G13A
91%
95/96 Alan Shearer Blackburn Rovers 31G7A
91%
96/97 Alan Shearer Newcastle United 25G7A
91%
01/02 (3) Alan Shearer Newcastle United 23G4A
91%
03/04 (2) Alan Shearer Newcastle United 22G4A
91%
23/24 Ollie Watkins Aston Villa 19G13A
87%
17/18 (9) Riyad Mahrez Leicester City 12G10A
87%
16/17 (3) Romelu Lukaku Everon 25G6A
80%
22/23 (6) Ivan Toney Brentford 20G4A
78%
21/22 (5) Jarrod Bowen Westham United 12G10A
73%
20/21 (5) Patrick Bamford Leeds United 17G7A
69%
93/94 Andy Cole Newcastle United 34G13A
65%
05/06 (6) Darren Bent Charlton Athletic 18G1A
64%
09/10 (6) Darren Bent Sunderland AFC 24G4A
64%
99/00 Kevin Phillips Sunderland AFC 30G4A
64%
18/19 (7) Callum Wilson AFC Bournemouth 14G9A
60%
92/93 (3) Les Ferdinand Queens Park Rangers 20G5A
60%
97/98 (2) Dion Dublin Coventry City 18G10A
51%
12/13 (6) Christian Benteke Aston Villa 19G4A
45%
14/15 (3) Charlie Austin Queens Park Rangers 18G6A
38%
08/09 (7) Gabriel Agbonlahor Aston Villa 11G10A
38%
13/14 (8) Rickie Lambert Southampton 13G10A
38%
98/99 Jimmy Floyd Hasselbaink Leeds United 18G13A
36%
04/05 (3) Andy Johnson Crystal Palace 21G1A
35%
02/03 (3) James Beattie Southampton 23G1A
25%
07/08 (5) Roque Santa Cruz Blackburn Rovers 19G7A
24%
10/11 (6) Peter Odemwingie West Bromwich Albion 15G7A
20%
00/01 (5) Marcus Stewart Ipswich Town 19G0A
18%
06/07 (6) Benni McCarthy Blackburn Rovers 18G0A
11%
11/12 (5) Clint Dempsey West Bromwich Albion 17G6A
5%
No matching quizzes found
Score Distribution
Percent of People with Each Score
Percentile by Number Answered
Your Score History
You have not taken this quiz